| 000 | 00877nam a22002657a 4500 | ||
|---|---|---|---|
| 003 | OSt | ||
| 005 | 20260423133304.0 | ||
| 007 | ta | ||
| 008 | 260423b bl ||||| |||| 00| 0 por d | ||
| 020 | _q(encad.) | ||
| 040 |
_bpor _cOSt |
||
| 041 | 0 |
_apor _hpor |
|
| 082 |
_a342.6526 _bM294d |
||
| 100 | 1 |
_aManus, Pedro Paulo Teixeira _d1951- _91130 |
|
| 210 | _2Despedida arbitrária ou sem justa causa | ||
| 245 | 1 | 0 |
_aDespedida arbitrária ou sem justa causa : _baspectos de direito material e processual do trabalho / |
| 260 |
_aSão Paulo : _bMalheiros, _c1996. |
||
| 300 |
_a147 p. : _c21 cm |
||
| 490 | _aColeção Temas de direito e processo do trabalho | ||
| 504 | _aBibliografia: p. 141-174 | ||
| 650 | 0 | 4 | _aDireito material do trabalho |
| 650 | 0 | 4 | _aDireito processual do trabalho |
| 830 |
_aTemas de direito e processo do trabalho _91060 |
||
| 942 |
_2ddc _cLIV _n0 |
||
| 999 |
_c825 _d825 |
||